Construction materials (Record no. 3506)

000 -LEADER
fixed length control field 00497nam a22002057a 4500
001 - CONTROL NUMBER
control field 3506
003 - CONTROL NUMBER IDENTIFIER
control field BD-DhUET
008 - FIXED-LENGTH DATA ELEMENTS--GENERAL INFORMATION
fixed length control field 0
020 ## - INTERNATIONAL STANDARD BOOK NUMBER
International Standard Book Number 0419154701
040 ## - CATALOGING SOURCE
Transcribing agency 0
Modifying agency BD-DhUET
082 ## - DEWEY DECIMAL CLASSIFICATION NUMBER
Classification number 620.136
Item number ILL/1994
100 ## - MAIN ENTRY--PERSONAL NAME
Personal name Illston, J. M.
245 ## - TITLE STATEMENT
Title Construction materials
Remainder of title their nature and behavior
250 ## - EDITION STATEMENT
Edition statement 1st ed.
260 ## - PUBLICATION, DISTRIBUTION, ETC. (IMPRINT)
Place of publication, distribution, etc. London
Name of publisher, distributor, etc. E & FN Spon
Date of publication, distribution, etc. 1994
300 ## - PHYSICAL DESCRIPTION
Extent xxiii, 517 p.
Other physical details ill.
Dimensions 20 cm.
504 ## - BIBLIOGRAPHY, ETC. NOTE
Bibliography, etc Includes bibliographies
650 #0 - SUBJECT ADDED ENTRY--TOPICAL TERM
Topical term or geographic name as entry element Concrete-Engineering
942 ## - ADDED ENTRY ELEMENTS (KOHA)
Koha item type General Book
Holdings
Koha renewals Shelving location Not for loan Damaged status Withdrawn status Koha normalized classification for sorting Price effective from Source of classification or shelving scheme Date acquired Piece designation (barcode) Sublocation or collection (holding branch) Koha date last borrowed Location (home branch) Koha full call number Copy number Koha item type Koha date last seen Lost status Koha issues (times borrowed)
 Circulation section   620_136000000000000_ILL_19942014-11-01 2014-11-0192490Central Library, BUET2015-03-04Central Library, BUET620.136/ILL/19941General Book2021-06-30 1
 Circulation section   620_136000000000000_ILL_19942014-11-01 2014-11-0192503Central Library, BUET Central Library, BUET620.136/ILL/19942General Book2014-11-01  
 Circulation section   620_136000000000000_ILL_19942014-11-01 2014-11-0192499Central Library, BUET2021-08-28Central Library, BUET620.136/ILL/19943General Book2021-08-28 1
2Circulation section   620_136000000000000_ILL_19942014-11-01 2014-11-0192494Central Library, BUET Central Library, BUET620.136/ILL/19944General Book2016-03-12  
 Circulation section   620_136000000000000_ILL_19942014-11-01 2014-11-0192501Central Library, BUET Central Library, BUET620.136/ILL/19945General Book2014-11-01  
 Circulation section   620_136000000000000_ILL_19942014-11-01 2014-11-0192486Central Library, BUET2024-09-07Central Library, BUET620.136/ILL/19946General Book2024-09-14 1
 Reading section   620_136000000000000_ILL_19942015-06-14 2015-06-1492484Central Library, BUET Central Library, BUET620.136/ILL/19947Reading Item2015-06-14